000 00901cam a2200289 4500
001 7243
003 BD-RjUL
005 20211208234402.0
008 140113s1960 nyu 001 0 eng
020 _a0691023506 (pbk.)
020 _a0691079528 (hardcover)
035 _a(OCoLC)964789
035 _a(BD-RjUL)
040 _cCSt
_dUPB
_dCStRLIN
_aBD-RjUL
_beng
041 _aeng
082 0 0 _221
_a509
_bGIE 1970
100 1 _aGillispie, Charles Coulston.
_922634
245 1 4 _aThe edge of objectivity :
_ban essay in the history of scientific ideas.
_cby Charles Coulston Gillispie.
260 _aPrinceton, N.J. :
_bPrinceton Univ. Press,
_c1960 [reprinted 1970].
300 _a562 p. ;
_c21 cm.
504 _aIncludes bibliography and index.
650 0 _aScience
_xHistory.
_922635
650 0 _aScience
_xPhilosophy.
_922636
942 _2ddc
_cBK
999 _c7243
_d7243